000 00647nam a2200265Ia 4500
001 35541
005 20240114001819.0
007 ta
008 070323s1894 g b000 u 465 u
040 _aCotton College Assam
041 _a465
082 _a491.25
_bK 124 H
100 _aKale, M.R. .
245 0 _aSanskrit Grammar /
_cM.R.Kale.
_hTextual Documents
250 _a1st ed. /
260 _aSl :
_bSn ,
_c1894.
300 _a156p. ;
_c20cm.
653 _aSanskrit Grammar
653 _aG-Languages
653 _aT/G-Languages
942 _2ddc
_cBK
999 _c35523
_d35523